00548cam a22002057a 45000010009000000050017000090080041000260100017000670200028000840350023001120400025001350410008001600420014001680800012001820820016001941000006002101010008002162450074002242460044002981346035120171218052235.0040116s2003 nyua 000 0 eng d a 2004268302 a0072863781 (alk. paper) a(OCoLC)ocm53302412 aFBRcFBRdOCLCQdDLC aeng alccopycat a612 SEE00a612 SEE222 a6 aANA02aA visual atlas for Anatomy & physiology /cRod R. Seeley ... [et al].3 aVisual atlas for anatomy and physiology